000 00665nam a2200241Ia 4500
003 OSt
005 20220925220737.0
006 a|||||r|||| 00| 0
007 ta
008 220923b |||||||| |||| 00| 0 eng d
037 _cGeneral Book
040 _aRTL
_cRTL
_beng
041 _2eng
_aeng
082 _aX65291, L8/SC
100 _aDASGUPTA Ajit K
_9125089
245 0 _aCost-Benefit analysis.
260 _aLondon
_bMacmillan
_c1978
300 _a270p.
_ccm.
500 _aBibliography: P 254-64
700 _a PEARCE D W
_9285111
942 _hX65291, L8/SC
_cGB
_2CC
999 _c572312
_d572312